Tadema Holdings Ltd v Ferguson (Record no. 61919)
[ view plain ]
| 000 -LEADER | |
|---|---|
| fixed length control field | 01082cam a2200229 4500 |
| 001 - CONTROL NUMBER | |
| control field | X103036 |
| 008 - FIXED-LENGTH DATA ELEMENTS--GENERAL INFORMATION | |
| fixed length control field | 000000n1999 000 0 eng u |
| 035 ## - SYSTEM CONTROL NUMBER | |
| System control number | (Sirsi) u103036 |
| 245 ## - TITLE STATEMENT | |
| Title | Tadema Holdings Ltd v Ferguson |
| 260 ## - PUBLICATION, DISTRIBUTION, ETC. | |
| Date of publication, distribution, etc. | 1999 |
| 490 ## - SERIES STATEMENT | |
| Series statement | Estates Gazette |
| Volume/sequential designation | [1999] EGCS 138 (2) |
| 520 ## - SUMMARY, ETC. | |
| Summary, etc. | CA 18 November 1999. Tenant becoming assured tenant by succession on death of statutory tenant - landlord serving notice of fourfold increase in rent - landlord using form superseded by recent regulation - tenant paying no rent at all - tenant lacking mental capacity to manage own affairs - tenant appealing against possession order - whether tenant properly served with required notices. (Headnote from journal). |
| 650 ## - SUBJECT ADDED ENTRY--TOPICAL TERM | |
| Topical term or geographic name entry element | ASSURED TENANCIES |
| 650 ## - SUBJECT ADDED ENTRY--TOPICAL TERM | |
| Topical term or geographic name entry element | TADEMA HOLDINGS LTD V FERGUSON |
| 650 ## - SUBJECT ADDED ENTRY--TOPICAL TERM | |
| Topical term or geographic name entry element | MENTAL HEALTH |
| 650 ## - SUBJECT ADDED ENTRY--TOPICAL TERM | |
| Topical term or geographic name entry element | FORMS |
| 650 ## - SUBJECT ADDED ENTRY--TOPICAL TERM | |
| Topical term or geographic name entry element | NOTICES |
| 650 ## - SUBJECT ADDED ENTRY--TOPICAL TERM | |
| Topical term or geographic name entry element | HOUSING ACT 1988 S13(2) |
| 650 ## - SUBJECT ADDED ENTRY--TOPICAL TERM | |
| Topical term or geographic name entry element | ASSURED TENANCIES AND AGRICULTURAL OCCUPANCIES (FORMS) REGULATIONS 1997 |
| 690 ## - LOCAL SUBJECT ADDED ENTRY--TOPICAL TERM (OCLC, RLIN) | |
| Topical term or geographic name as entry element | LANDLORD AND TENANT-CASE LAW-RESIDENTIAL TENANCIES |
| 942 ## - ADDED ENTRY ELEMENTS (KOHA) | |
| Suppress in OPAC | 0 |
| Withdrawn status | Lost status | Source of classification or shelving scheme | Damaged status | Not for loan | Home library | Current library | Shelving location | Date acquired | Total Checkouts | Barcode | Date last seen | Copy number | Price effective from | Koha item type |
|---|---|---|---|---|---|---|---|---|---|---|---|---|---|---|
| Dewey Decimal Classification | London | London | News article | 06/12/1999 | 103036-1001 | 06/08/2019 | 1 | 06/08/2019 | News article |